|
|
|
|
| LEADER |
00000naa2a2200000 4500 |
| 001 |
388267 |
| 005 |
20231101063725.0 |
| 035 |
|
|
|a (RuTPU)RU\TPU\prd\19261
|
| 090 |
|
|
|a 388267
|
| 100 |
|
|
|a 20031105a2003 k y0rusy50 ca
|
| 101 |
0 |
|
|a rus
|
| 102 |
|
|
|a RU
|
| 200 |
1 |
|
|a Повторяемость наводнений в Петербурге
|f Р. В. Пясковский, К. С. Померанец, Е. С. Чернышёва
|
| 225 |
1 |
|
|a Заметки и наблюдения
|
| 320 |
|
|
|a Библиогр.: 13 назв.
|
| 461 |
|
1 |
|0 (RuTPU)RU\TPU\prd\304
|x 0032-874X
|t Природа
|o естественно-научный журнал
|f Российская Академия наук
|d 1912-
|
| 463 |
|
1 |
|0 (RuTPU)RU\TPU\prd\72973
|t № 9
|v с. 21-23
|d 2003
|
| 610 |
1 |
|
|a наводнения
|
| 610 |
1 |
|
|a Петербург
|
| 610 |
1 |
|
|a Нева
|
| 610 |
1 |
|
|a каталог наводнений
|
| 700 |
|
1 |
|a Пясковский
|b Р. В.
|
| 701 |
|
1 |
|a Померанец
|b К. С.
|
| 701 |
|
1 |
|a Чернышёва
|b Е. С.
|
| 801 |
|
1 |
|a RU
|b 63413507
|c 20031105
|g PSBO
|
| 801 |
|
2 |
|a RU
|b 63413507
|c 20100120
|g RCR
|
| 942 |
|
|
|c BK
|